Electrónica y automática aplicadas a la industria / (Record no. 87486)

MARC details
000 -LEADER
campo de control de longitud fija 00737nam a2200229 i 4500
001 - NÚMERO DE CONTROL
campo de control 87486
003 - IDENTIFICADOR DE NÚMERO DE CONTROL
campo de control ES-MaACL
005 - FECHA Y HORA DE LA ÚLTIMA TRANSACCIÓN
campo de control 20230906175659.0
007 - CAMPO FIJO DE DESCRIPCIÓN FÍSICA--INFORMACIÓN GENERAL
campo de control de longitud fija t|
008 - DATOS DE LONGITUD FIJA--INFORMACIÓN GENERAL
campo de control de longitud fija 041222s1979 sp ||||1| spa d
100 1# - ENTRADA PRINCIPAL--NOMBRE DE PERSONA
Nombre de persona Kretzmann, R.
9 (RLIN) 68821
245 10 - MENCIÓN DEL TÍTULO
Título Electrónica y automática aplicadas a la industria /
Mención de responsabilidad, etc. R. Kretzmann, J.M. Angulo ; [traducido por Daniel Santano y León].
250 ## - MENCION DE EDICION
Mención de edición 7ª ed., aum.
260 ## - PUBLICACIÓN, DISTRIBUCIÓN, ETC.
Lugar de publicación, distribución, etc. Madrid :
Nombre del editor, distribuidor, etc. Paraninfo,
Fecha de publicación, distribución, etc. 1979.
300 ## - DESCRIPCIÓN FÍSICA
Extensión 673 p. :
Otras características físicas il. ;
Dimensiones 21 cm.
490 1# - MENCIÓN DE SERIE
Mención de serie Biblioteca técnica Philips
700 1# - ENTRADA AGREGADA--NOMBRE PERSONAL
Nombre de persona Angulo, J. M.
9 (RLIN) 21778
700 1# - ENTRADA AGREGADA--NOMBRE PERSONAL
Nombre de persona Santano y León, Daniel.
9 (RLIN) 181683
830 0# - PUNTO DE ACCESO ADICIONAL DE SERIE-TÍTULO UNIFORME
Título uniforme Biblioteca técnica Philips
9 (RLIN) 181540
852 ## - LOCALIZACIÓN
Ubicación ES-MaACL
Número de control de estantería A-9586
Sublocalización o colección R.98716
Holdings
Estatus retirado Estado de pérdida Estado de daño No para préstamo Biblioteca de origen Biblioteca actual Ubicación en estantería Fecha de adquisición Fuente de adquisición Total de préstamos Signatura topográfica completa Código de barras Visto por última vez Precio de reemplazo Tipo de ítem Koha
        Biblioteca del Ateneo de Madrid Biblioteca del Ateneo de Madrid Depósito 1 17/01/2008     A-9586 1091400 23/02/2023 23/02/2023 Libro impreso